Statistics for Most Populated US States in 1800

Click here to take the quiz!

General Stats

  • This quiz has been taken 20 times
  • The average score is 8 of 10

Answer Stats

PopAnswer% Correct
484,065New York
100%
676,682Virginia
95%
478.103North Carolina
95%
345,591South Carolina
95%
317,348Maryland
89%
327,979Pennsylvania
84%
251,002Connecticut
84%
211,149New Jersey
84%
220,959Kentucky
58%
422.845Massachusetts
47%

Score Distribution

Percentile by Number Answered

Percent of People with Each Score

Your Score History

You have not taken this quiz